01798cam a2200361 i 450000100090000000300050000900500170001400800410003101000170007202000150008902000180010403500240012204000760014604200140022205000220023608200210025810000250027924501110030426400690041526400110048430000280049533600260052333700280054933800270057749000470060450503840065165000260103565000380106183000480109985601060114785600910125385600920134417863224NUST20230102125113.0130823t20132013enk b 001 0 eng d a 2012277640 a1137268700 a9781137268709 a(OCoLC)ocn825047327 aYDXCPbengcYDXCPerdadBTCTAdBWXdVGMdIACdIXAdCGUdOCLCOdMUUdDLC alccopycat00aJF1081b.H68 201304a364.1323,HOU2231 aHough, Dan,eauthor.10aCorruption, anti-corruption and governance /cDan Hough, Professor of Politics, University of Sussex, UK. 1aHoundmills, Basingstoke, Hampshire :bPalgrave Macmillan,c2013. 4c©2013 axi, 165 pages ;c23 cm. atextbtxt2rdacontent aunmediatedbn2rdamedia avolumebnc2rdacarrier1 aPolitical corruption and governance series0 aThe Rise and Rise of the Global Anti-corruption Movement (Page-12), Governance Regimes and the Fight Against Corruption (Page-31), Bangladesh and Kenya; Tough Talk, Small Steps, Ineffectual Outcomes (Page-48), South Korea and Poland; Tough Talk, Small Steps, Contested Outcomes (Page-71), Germany and the UK; The Slow and Winding Road to Reform (Page-93), Conclusion (Page-114). 0aPolitical corruption. 0aPolitical corruptionxPrevention. 0aPolitical corruption and governance series.423Contributor biographical informationuhttp://www.loc.gov/catdir/enhancements/fy1402/2012277640-b.html423Publisher descriptionuhttp://www.loc.gov/catdir/enhancements/fy1402/2012277640-d.html413Table of contents onlyuhttp://www.loc.gov/catdir/enhancements/fy1402/2012277640-t.html